Movies by the Wide Shot IV Quiz Stats

 Plays Quiz Updated Jun 21, 2018

Score 0/25 Timer 07:00
8 Plays Today
% Correct
Superman
98.2%
Avatar
90.7%
The Silence of the Lambs
87.3%
Peter Pan
84.8%
The Little Mermaid
77.6%
Indiana Jones and the Temple of Doom
75.7%
Back to the Future Part III
67.1%
The Grand Budapest Hotel
62.5%
Dawn of the Planet of the Apes
61.9%
Eternal Sunshine of the Spotless Mind
61.6%
Gran Torino
60.6%
Pirates of the Caribbean: The Curse of the Black Pearl
59%
Thelma & Louise
56.8%
% Correct
John Wick
55.6%
A Clockwork Orange
53.6%
Guardians of the Galaxy
53.3%
I Am Legend
53.1%
Silver Linings Playbook
52%
Coraline
45.6%
Shutter Island
45.2%
The Crow
39.3%
Kingsman: The Secret Service
35.7%
Falling Down
35%
The World's End
33.7%
Lemony Snicket's A Series of Unfortunate Events
27.7%

You're not logged in!

Compare scores with friends on all Sporcle quizzes.
OR
Log In

Sporcle TV

Today on Sporcle TV


Watch our educational content, quiz creation guides, and fun videos on Sporcle TV.

Show Comments

Extras

Top Quizzes Today


Score Distribution

Your Account Isn't Verified!

In order to create a playlist on Sporcle, you need to verify the email address you used during registration. Go to your Sporcle Settings to finish the process.

Report this User

Report this user for behavior that violates our Community Guidelines.

Details: